Little red riding hood / (Record no. 10122)

MARC details
000 -LEADER
fixed length control field 01274nam a22002657a 4500
001 - CONTROL NUMBER
control field 10122
003 - CONTROL NUMBER IDENTIFIER
control field FISKH
005 - DATE AND TIME OF LATEST TRANSACTION
control field 20260422084535.0
008 - FIXED-LENGTH DATA ELEMENTS--GENERAL INFORMATION
fixed length control field 260422b cb ||||| |||| 00| 0 eng d
040 ## - CATALOGING SOURCE
Original cataloging agency FISKH
Language of cataloging eng
Transcribing agency FISKH
Modifying agency FISKH
050 ## - LIBRARY OF CONGRESS CALL NUMBER
Classification number PZ7
082 ## - DEWEY DECIMAL CLASSIFICATION NUMBER
Classification number 398.2
100 ## - MAIN ENTRY--PERSONAL NAME
Personal name Anonymous
Relator term Author
245 ## - TITLE STATEMENT
Title Little red riding hood /
260 ## - PUBLICATION, DISTRIBUTION, ETC.
Place of publication, distribution, etc. Wisconsin :
Name of publisher, distributor, etc. Walt Disney Productions ,
Date of publication, distribution, etc. 1968
300 ## - PHYSICAL DESCRIPTION
Extent 24 pages :
Other physical details color illustrations ;
Dimensions 19 cm
505 ## - FORMATTED CONTENTS NOTE
Formatted contents note J<br/>
520 ## - SUMMARY, ETC.
Summary, etc. This classic fairy tale follows Little Red Riding Hood, a young girl sent by her mother to bring food to her sick grandmother. On her way through the forest, she meets a clever wolf who tricks her into revealing where she is going. The wolf rushes ahead, disguises himself as her grandmother, and waits for Little Red Riding Hood. When the girl arrives, she notices something strange about her “grandmother,” but before she can escape, the wolf reveals himself. In most versions of the story, a woodcutter (or hunter) arrives just in time to save Little Red Riding Hood and her grandmother.
521 8# - TARGET AUDIENCE NOTE
Target audience note 500<br/>
Source Lexile estimate<br/>
521 8# - TARGET AUDIENCE NOTE
Target audience note J<br/>
Source Raz-Plus<br/>
650 ## - SUBJECT ADDED ENTRY--TOPICAL TERM
Topical term or geographic name entry element Disney
Form subdivision Fairy tale
650 ## - SUBJECT ADDED ENTRY--TOPICAL TERM
Topical term or geographic name entry element Fiction
Form subdivision Children
942 ## - ADDED ENTRY ELEMENTS (KOHA)
Source of classification or shelving scheme Dewey Decimal Classification
Koha item type Books
Suppress in OPAC No
Holdings
Withdrawn status Lost status Source of classification or shelving scheme Damaged status Not for loan Collection Home library Current library Shelving location Date acquired Total Checkouts Full call number Barcode Date last seen Copy number Price effective from Koha item type
    Dewey Decimal Classification     Juvenile Fiction Footprints International School Library Network Toul Tom Poung Campus Footprints International School Library Network Toul Tom Poung Campus TTP Primary Dark Blue Bookshelves 04/22/2026   ANO 398.2 PZ7 FISBK05305 04/22/2026 1 04/22/2026 Books